<?xml version="1.0" encoding="UTF-8"?>
<record
    xmlns:xsi="http://www.w3.org/2001/XMLSchema-instance"
    xsi:schemaLocation="http://www.loc.gov/MARC21/slim http://www.loc.gov/standards/marcxml/schema/MARC21slim.xsd"
    xmlns="http://www.loc.gov/MARC21/slim">

  <leader>01682    a2200241   4500</leader>
  <controlfield tag="003">CBULib</controlfield>
  <controlfield tag="005">20250926102227.0</controlfield>
  <controlfield tag="008">250926b        |||||||| |||| 00| 0 eng d</controlfield>
  <datafield tag="020" ind1=" " ind2=" ">
    <subfield code="a">9780008435943</subfield>
  </datafield>
  <datafield tag="040" ind1=" " ind2=" ">
    <subfield code="b">English</subfield>
    <subfield code="c">CBULib</subfield>
    <subfield code="e">rda</subfield>
  </datafield>
  <datafield tag="050" ind1=" " ind2=" ">
    <subfield code="a">QH 21.M28 Ric</subfield>
  </datafield>
  <datafield tag="100" ind1=" " ind2=" ">
    <subfield code="a">Richard, Alison</subfield>
  </datafield>
  <datafield tag="245" ind1=" " ind2=" ">
    <subfield code="a">The sloth lemur's song : Madagascar from the deep past to the uncertain present</subfield>
    <subfield code="c">/ by Alison Richard</subfield>
  </datafield>
  <datafield tag="260" ind1=" " ind2=" ">
    <subfield code="b">William Collins,  </subfield>
    <subfield code="c">2022.</subfield>
    <subfield code="a">London :</subfield>
  </datafield>
  <datafield tag="300" ind1=" " ind2=" ">
    <subfield code="a">342 pages : illustrations</subfield>
  </datafield>
  <datafield tag="336" ind1=" " ind2=" ">
    <subfield code="2">rdacontent</subfield>
    <subfield code="a">Text |</subfield>
    <subfield code="b">txt</subfield>
  </datafield>
  <datafield tag="337" ind1=" " ind2=" ">
    <subfield code="2">rdamedia</subfield>
    <subfield code="a">Unmediated |</subfield>
    <subfield code="b">n</subfield>
  </datafield>
  <datafield tag="338" ind1=" " ind2=" ">
    <subfield code="2">rdacarrier</subfield>
    <subfield code="a">Volume</subfield>
    <subfield code="b">nc</subfield>
  </datafield>
  <datafield tag="500" ind1=" " ind2=" ">
    <subfield code="a">"This is a sweeping account of Madagascar past and present, from a land locked in the heart of Gondwana to its emergence as an island, from landscapes populated by dinosaurs to forests filled with the unique array of species alive today, and from a place unknown to people to one where human impact on the environment is a pressing concern. Alison Richard has immersed herself in research and conservation in Madagascar for nearly fifty years, and is an expert guide. Her book, seamlessly integrating scientific research and detailed natural history with personal experiences, shows both what connects this biodiversity hotspot to the rest of the world through time, and what separates it. Along the way, she reflects on how our world views shape the way we interpret evidence and the importance of the stories we tell about Madagascar in our understanding of this unique place and the conservation of its rich natural heritage"-- Provided by publisher</subfield>
  </datafield>
  <datafield tag="650" ind1=" " ind2="0">
    <subfield code="9">4878</subfield>
    <subfield code="a">MADAGASCAR</subfield>
  </datafield>
  <datafield tag="650" ind1=" " ind2="0">
    <subfield code="9">4879</subfield>
    <subfield code="a">NATURAL HISTORY</subfield>
  </datafield>
  <datafield tag="942" ind1=" " ind2=" ">
    <subfield code="2">lcc</subfield>
    <subfield code="c">002</subfield>
  </datafield>
  <datafield tag="999" ind1=" " ind2=" ">
    <subfield code="c">85315</subfield>
    <subfield code="d">85315</subfield>
  </datafield>
  <datafield tag="952" ind1=" " ind2=" ">
    <subfield code="0">0</subfield>
    <subfield code="1">0</subfield>
    <subfield code="2">lcc</subfield>
    <subfield code="4">0</subfield>
    <subfield code="7">0</subfield>
    <subfield code="8">MC</subfield>
    <subfield code="a">001</subfield>
    <subfield code="b">001</subfield>
    <subfield code="c">GEN</subfield>
    <subfield code="d">2025-09-26</subfield>
    <subfield code="e">Book Aid International</subfield>
    <subfield code="i">752434</subfield>
    <subfield code="l">0</subfield>
    <subfield code="o">QH 21.M28 Ric</subfield>
    <subfield code="p">752434</subfield>
    <subfield code="r">2025-09-26</subfield>
    <subfield code="w">2025-09-26</subfield>
    <subfield code="y">002</subfield>
  </datafield>
</record>
